Sylvia Plath : drawings /

"Sylvia Plath: Drawings is a portfolio of pen-and-ink illustrations created during the transformative period spent at Cambridge University, when Plath met and secretly married poet Ted Hughes, and traveled with him to Paris and Spain on their honeymoon, years before she wrote her seminal work,...

Full description

Bibliographic Details
Main Author: Plath, Sylvia (Author)
Format: Book
Language:English
Published: New York : HarperCollins, [2013]
Edition:First U.S. Edition.
Subjects:

MARC

Tag First Indicator Second Indicator Subfields
LEADER 00000cam a2200000Ii 4500
001 in00003481421
005 20151206092034.0
008 130715s2013 nyua b 000 0deng d
020 |a 9780062315700 (hardcover) 
020 |a 0062315706 (hardcover) 
029 1 |a AU@  |b 000052324042 
035 |a (OCoLC)ocn852829940 
035 |a (OCoLC)852829940 
040 |a YDXCP  |b eng  |e rda  |c YDXCP  |d BTCTA  |d BDX  |d CGB  |d OCLCO  |d ILC  |d BUR  |d HCO  |d CPL  |d UtOrBLW 
043 |a n-us--- 
049 |a TXAM 
050 4 |a NC139.P53  |b A4 2013 
100 1 |a Plath, Sylvia,  |e artist,  |e author. 
245 1 0 |a Sylvia Plath :  |b drawings /  |c introduced by Frieda Hughes. 
250 |a First U.S. Edition. 
264 1 |a New York :  |b HarperCollins,  |c [2013] 
300 |a 63 pages :  |b illustrations ;  |c 23 cm 
336 |a still image  |b sti  |2 rdacontent 
336 |a text  |b txt  |2 rdacontent 
337 |a unmediated  |b n  |2 rdamedia 
338 |a volume  |b nc  |2 rdacarrier 
500 |a Exhibition shown at the Mayor Gallery, London from November 2 - December 17, 2011. 
500 |a Reprint. Originally published: London : Faber and Faber, 2013. 
504 |a Includes bibliographical references (page 63). 
505 0 |a Introduction / by Frieda Hughes -- Drawings from England -- Drawings from France -- Drawings from Spain -- Drawings from the USA. 
520 |a "Sylvia Plath: Drawings is a portfolio of pen-and-ink illustrations created during the transformative period spent at Cambridge University, when Plath met and secretly married poet Ted Hughes, and traveled with him to Paris and Spain on their honeymoon, years before she wrote her seminal work, The Bell Jar. Throughout her life, Sylvia Plath cited art as her deepest source of inspiration. This collection sheds light on these key years in her life, capturing her exquisite observations of the world around her. It includes Plath's drawings from England, France, Spain and New England, featuring such subjects as Parisian rooftops, trees and churches, as well as a portrait Ted Hughes. Sylvia Plath: Drawings includes letters and diary entries that add depth and context to the great poet's work, as well as an illuminating introduction by her daughter, Frieda Hughes"--Amazon.com, viewed December 16, 2013. 
600 1 0 |a Plath, Sylvia  |v Exhibitions. 
600 1 0 |a Plath, Sylvia  |v Correspondence  |v Exhibitions. 
650 0 |a Women artists  |z United States  |v Biography. 
650 0 |a Women poets, American  |v Biography. 
700 1 |a Hughes, Frieda,  |e writer of introduction. 
710 2 |a Mayor Gallery,  |e host institution. 
775 0 8 |i Reprint of (manifestation): Plath, Sylvia.  |t Sylvia Plath.  |d London : Faber and Faber, 2013  |z 9780571295210  |w (OCoLC)851825581 
938 |a YBP Library Services  |b YANK  |n 10859092 
938 |a Baker and Taylor  |b BTCP  |n BK0013610306 
938 |a Brodart  |b BROD  |n 105578126 
947 |a A14839898372 
945 |a PromptCat  |b 644450 
946 |a stk 
994 |a 92  |b TXA 
948 |a Cataloged  |b h  |c 2014/2/20  |d c  |e Dhernandez 
999 |a MARS 
999 f f |s 89ff45e4-e022-372b-98ab-f2520271310f  |i da9acddd-d0e5-3368-b860-fa0a3466ab3a  |t 0 
952 f f |p normal  |a Texas A&M University  |b College Station  |c Sterling C. Evans Library  |d Evans: Library Stacks  |t 0  |e NC139.P53 A4 2013  |h Library of Congress classification  |i unmediated -- volume  |m A14839898372 
998 f f |a NC139.P53 A4 2013  |t 0  |l Evans: Library Stacks